000
00291nam a2200109 4500
999
_c
11582
_d
11582
003
OSt
008
230530b ||||| |||| 00| 0 eng d
100
_a
Jim Tolpin
245
_a
The new family home creating the prefect home for today and tomorrow
260
_a
The taunton press
942
_2
ddc